| 000 | 00909nas a2200289 4500 | ||
|---|---|---|---|
| 001 | BR2010004964 | ||
| 003 | BR-BrBNA | ||
| 005 | 20231205114321.0 | ||
| 007 | ta | ||
| 008 | 230509b bl.|||p| |||| 00| 00por d | ||
| 040 |
_aBR-BrBNA _bpor _cBiblioteca Nacional de Agricultura |
||
| 041 | _a(Pt) | ||
| 072 | _aF60 | ||
| 100 | 1 | _aSantos, D. dos | |
| 100 | 1 | _aMatarazzo, P.H.M. | |
| 100 | 1 | _aSilva, D.F.P. da | |
| 100 | 1 | _aSiqueira, D.L. de | |
| 100 | 1 | _aSantos, D.C.M. dos | |
| 100 | 1 | _aLucena, C.C. de | |
| 245 | 1 | _aCaracterização físico-química de frutos cítricos apirênicos produzidos em Viçosa, Minas Gerais | |
| 650 | _aFRUTA CÍTRICA | ||
| 650 | _aCARACTERÍSTICAS AGRONÔMICAS | ||
| 650 | _aMINAS GERAIS | ||
| 773 | 0 |
_tRevista Ceres (Brazil) _xISSN 0034-737X _g(May-Jun 2010), v. 57(3) p. 393-400 _wBR2010004964 |
|
| 909 |
_a202311 _bLúcia _c55 _dLúcia Elande |
||
| 942 |
_2AGRIS _n0 _cANA |
||
| 999 |
_c208198 _d208198 |
||